| 000 | 00586atm a2200205 4500 | ||
|---|---|---|---|
| 005 | 20250729145017.0 | ||
| 008 | 150727b2002 xxu||||| |||| 00| 0 spa d | ||
| 041 | _aESP | ||
| 082 | _a333.716 A949g | ||
| 100 | _aAvellaneda Cusaria, Alfonso | ||
| 245 | _aGestión ambiental y planificación del desarrollo | ||
| 260 |
_aColombia _bECOE _c2002 |
||
| 300 | _a232 páginas | ||
| 490 | _aTurismo | ||
| 650 | _aGESTIÓN AMBIENTAL | ||
| 650 | _aPROTECCION DEL MEDIO AMBIENTE | ||
| 650 | _aDESARROLLO SOSTENIBLE | ||
| 650 | _aCONSERVACION DE LOS RECURSOS NATURALES | ||
| 942 |
_cBK _2ddc |
||
| 999 |
_c6508 _d6508 |
||